Manual de Procedimiento Tributario y Aduanero

Detalles Bibliográficos
Autor principal: Silva Montes, Rodrigo
Formato: eBook
Lenguaje:español
Publicado: [Chile] : Editorial jurd̕ica de Chile, 2010.
Materias:
Acceso en línea:Acceso restringido

MARC

LEADER 00000nam a22000007a 4500
005 20111004111743.0
008 111004s2010 cl |||||s|||| 00||0 spa d
020 |a 956-10-2020-3 
035 |a 5844 
040 |a vLex 
090 |c 2602  |d 2602 
100 1 |a Silva Montes, Rodrigo 
245 1 0 |a Manual de Procedimiento Tributario y Aduanero  |h [Recurso electrn̤ico] /  |c Rodrigo Silva Montes  
256 |a Servicio en ln̕ea. 
260 |a [Chile] :  |b Editorial jurd̕ica de Chile,  |c 2010. 
300 |a 1 recurso electrn̤ico 
506 1 |a Contenido solo disponible en los productos indicados  |d vLex Global  |d vLex Global (Academic Edition, excluding Law Schools)  |d vLex Global (U.S. Academic Edition, Law Schools)  |d vLex Global (U.S. Academic Edition, excluding Law Schools)  |d vLex Global (Academic Edition, Law Schools) 
650 0 4 |a Derecho fiscal  |z Chile 
740 0 |a vLex Libros (Servicio en ln̕ea) 
856 4 0 |u http://vlex.com/source/manual-procedimiento-tributario-aduanero-5844  |z Acceso restringido 
942 |c BOOK